Statistics for Tottenham Hotspur Current Squad

Click here to take the quiz!

General Stats

  • This quiz has been taken 13 times
  • The average score is 30 of 35

Answer Stats

#PositionNationPlayer Name% Correct
33DFWalesBen Davies
100%
22FWWalesBrennan Johnson
100%
17DFArgentinaCristian Romero
100%
21FWSwedenDejan Kulusevski
100%
15DFEnglandEric Dier
100%
1GKFranceHugo Lloris
100%
10MFEnglandJames Maddison
100%
5MFDenmarkPierre-Emile Højbjerg
100%
9FWBrazilRicharlison
100%
30MFUruguayRodrigo Bentancur
100%
7FWSouth KoreaSon Heung-Min
100%
8MFMaliYves Bissouma
100%
11MFSpainBryan GIl
92%
12DFBrazilEmerson Royal
92%
18MFArgentinaGiovani Lo Celso
92%
14MFCroatiaIvan Perišić
92%
27FWIsraelManor Solomon
92%
37FWNetherlandsMicky van de Ven
92%
29MFSenegalPape Matar Sarr
92%
23DFSpainPedro Porro
92%
3DFSpainSergio Reguilón
92%
38DFItalyDestiny Udogie
85%
4MFEnglandOliver Skipp
85%
28MFFranceTanguy Ndombele
85%
36FWArgentinaAlejo Véliz
77%
-CoachAustraliaAnge Postecoglou
77%
35DFEnglandAshley Phillips
77%
40GKEnglandBrandon Austin
77%
20GKEnglandFraser Forster
77%
13GKItalyGuglielmo Vicario
77%
41GKEnglandAlfie Whiteman
69%
25DFEnglandJaphet Tanganga
69%
-DFWalesJoe Rodon
69%
24DFEnglandDjed Spence
46%
19MFEnglandRyan Sesegnon
38%

Score Distribution

Percentile by Number Answered

Percent of People with Each Score

Your Score History

You have not taken this quiz